[Event "Quantbox Chennai GM 2025"]
[Site "Chennai IND"]
[Date "2025.08.07"]
[Round "1.1"]
[White "Pranav, V"]
[Black "Karthikeyan, Murali"]
[Result "1/2-1/2"]
[WhiteTitle "GM"]
[BlackTitle "GM"]
[WhiteElo "2597"]
[BlackElo "2658"]
[WhiteFideId "25060783"]
[BlackFideId "5074452"]
[EventDate "2025.08.07"]

1. e4 c5 2. Nf3 Nc6 3. Bb5 e6 4. Bxc6 bxc6 5. d3 Ne7 6. Nbd2 f6 7. h4 e5 8. h5
d5 9. Nh2 Be6 10. Qe2 Qd7 11. Nhf1 Nc8 12. Ne3 Nd6 13. c4 d4 14. Nc2 Nf7 15. b3
Bd6 16. Bb2 a5 17. a4 Kd8 18. O-O-O Kc7 19. Kb1 g6 20. Rdg1 f5 21. g3 Kb6 22.
Bc1 Rag8 23. f3 Ka6 24. Ba3 Kb6 25. Qf1 Be7 26. Ne1 f4 27. g4 Ng5 28. Rg2 Bf7
29. hxg6 Bxg6 30. Rgh2 Qe8 31. Ng2 Ne6 32. Nh4 Bxh4 33. Rxh4 h5 34. Qg2 Bf7 35.
Kc2 Rg5 36. Qf1 Rhg8 37. gxh5 Bxh5 38. Bc1 Bf7 39. Qh3 Rg3 40. Qf5 R3g5 41. Qh3
Rg3 42. Qf5 R3g5 43. Qh3 Rg3 44. Qf5 1/2-1/2

[Event "Quantbox Chennai GM 2025"]
[Site "Chennai IND"]
[Date "2025.08.07"]
[Round "1.3"]
[White "Giri, Anish"]
[Black "Robson, Ray"]
[Result "1/2-1/2"]
[WhiteTitle "GM"]
[BlackTitle "GM"]
[WhiteElo "2748"]
[BlackElo "2687"]
[WhiteFideId "24116068"]
[BlackFideId "2023970"]
[EventDate "2025.08.07"]

1. e4 e5 2. Nf3 Nf6 3. Nxe5 d6 4. Nf3 Nxe4 5. d3 Nf6 6. d4 g6 7. Bb5+ c6 8. Bd3
Bg7 9. Qe2+ Qe7 10. Qxe7+ Kxe7 11. O-O Rd8 12. a4 a5 13. h3 Na6 14. c3 Nc7 15.
Re1+ Kf8 16. Na3 Ncd5 17. Bd2 h6 18. Kh2 b6 19. Nc2 Ne7 20. Kg1 Bf5 21. Bxf5
Nxf5 22. Kf1 d5 23. Bf4 Ne4 24. Nd2 Nxd2+ 25. Bxd2 h5 26. Bf4 Rd7 27. g4 hxg4
28. hxg4 Nd6 29. Re2 Re8 30. Rae1 Rxe2 31. Kxe2 Ne8 32. Kd3 Nc7 33. Bxc7 Rxc7
34. g5 f6 35. gxf6 Bxf6 36. Ne3 Re7 37. Rg1 Kf7 38. Ng4 g5 39. b4 axb4 40. Nxf6
Kxf6 41. cxb4 Ra7 42. Ra1 Ke6 43. a5 bxa5 44. bxa5 Kd6 45. f3 Kc7 46. Ke3 Ra8
47. Kf2 Rf8 48. Kg3 Rf4 49. a6 Kb8 50. Rc1 Rf6 51. Rc3 Rf4 52. Rxc6 Ka7 53. Rg6
Rxd4 54. Rxg5 Kxa6 55. f4 Rd1 56. Kf2 Kb6 57. f5 Kc6 58. f6 Kd7 59. Re5 Rh1 1/2-1/2

[Event "Quantbox Chennai GM 2025"]
[Site "Chennai IND"]
[Date "2025.08.07"]
[Round "1.4"]
[White "Vidit, Santosh Gujrathi"]
[Black "Van Foreest, Jorden"]
[Result "1/2-1/2"]
[WhiteTitle "GM"]
[BlackTitle "GM"]
[WhiteElo "2720"]
[BlackElo "2697"]
[WhiteFideId "5029465"]
[BlackFideId "1039784"]
[EventDate "2025.08.07"]

1. d4 Nf6 2. c4 g6 3. f3 Bg7 4. e4 d6 5. Nc3 O-O 6. Nge2 Nbd7 7. Be3 a6 8. Qd2
b5 9. cxb5 axb5 10. Nxb5 c6 11. Nbc3 e5 12. Ng3 d5 13. Be2 h5 14. exd5 Nxd5 15.
Nxd5 cxd5 16. O-O h4 17. Nh1 Re8 18. Bb5 exd4 19. Bg5 Qb6 20. a4 Ba6 21. Bxd7
Re2 22. Qd1 h3 23. Nf2 d3 24. gxh3 Rxb2 25. Rb1 Bd4 26. Rxb2 Qxb2 27. Qd2 Qb3
28. Be3 Bc3 29. Qd1 Qc4 30. Kg2 d2 31. Rg1 Qb4 32. Bb5 Bxb5 33. axb5 Re8 34. Bg5
f6 35. Bxd2 Bxd2 36. Qb1 Kf7 37. Qd3 Be3 38. Qxd5+ Kg7 39. Rf1 Bxf2 40. Rxf2 Re5
41. Qd7+ Kh6 42. f4 Qe4+ 43. Kg1 Rd5 44. Qg4 Rxb5 45. Qf3 Rb1+ 46. Kg2 Qe1 47.
Rf1 Rb2+ 48. Rf2 Rb1 1/2-1/2

[Event "Quantbox Chennai GM 2025"]
[Site "Chennai IND"]
[Date "2025.08.08"]
[Round "2.1"]
[White "Karthikeyan, Murali"]
[Black "Liang, Awonder"]
[Result "1/2-1/2"]
[WhiteTitle "GM"]
[BlackTitle "GM"]
[WhiteElo "2658"]
[BlackElo "2696"]
[WhiteFideId "5074452"]
[BlackFideId "2056437"]
[EventDate "2025.08.07"]

1. d4 d5 2. Nf3 Nf6 3. g3 e6 4. Bg2 Be7 5. c4 O-O 6. Nc3 h6 7. O-O dxc4 8. Ne5
Nc6 9. Bxc6 bxc6 10. Nxc6 Qe8 11. Nxe7+ Qxe7 12. Qa4 a5 13. Qxc4 Ba6 14. Qc6 Nd5
15. Re1 Qb4 16. e4 Bb7 17. a3 Bxc6 18. axb4 Nxc3 19. bxc3 axb4 20. Rxa8 Rxa8 21.
cxb4 Ra1 22. f3 Rb1 23. Bd2 Rxe1+ 24. Bxe1 Bb5 25. g4 g6 26. Kf2 Kf8 27. Ke3 Ke7
28. Bh4+ Kd7 29. f4 h5 30. gxh5 gxh5 31. d5 exd5 32. exd5 Kd6 33. Kd4 c6 34.
dxc6 Kxc6 35. Ke5 Bc4 36. Be1 Kb5 37. Kf6 Kc6 38. h4 Kb5 39. Kg5 Be2 40. Kf6 Bc4
41. Kg5 Be2 42. Kf6 1/2-1/2

[Event "Quantbox Chennai GM 2025"]
[Site "Chennai IND"]
[Date "2025.08.08"]
[Round "2.3"]
[White "Robson, Ray"]
[Black "Vidit, Santosh Gujrathi"]
[Result "1-0"]
[WhiteTitle "GM"]
[BlackTitle "GM"]
[WhiteElo "2687"]
[BlackElo "2720"]
[WhiteFideId "2023970"]
[BlackFideId "5029465"]
[EventDate "2025.08.07"]

1. d4 d5 2. Nf3 Nf6 3. e3 e6 4. Nbd2 c5 5. b3 Nbd7 6. Bb2 b6 7. Bb5 Bb7 8. O-O
a6 9. Bd3 Be7 10. a4 O-O 11. Qe2 Ne4 12. Rac1 Bd6 13. Rfd1 cxd4 14. exd4 Bf4 15.
Ra1 f5 16. Nf1 Qf6 17. c4 Qg6 18. a5 dxc4 19. bxc4 bxa5 20. Rxa5 Ndf6 21. Ng3
Qh6 22. d5 Ng4 23. Bxe4 fxe4 24. Qxe4 exd5 25. cxd5 Rae8 26. Qc4 Rc8 27. Rc5 Ne3
28. Rxc8 Nxc4 29. Rxc4 Qb6 30. Bxg7 Qb3 31. Bxf8 Qxc4 32. Be7 Bxd5 33. Nh5 Bxf3
34. gxf3 Be5 35. Bf6 Bc7 36. Rd7 Qc1+ 37. Kg2 Qc5 38. Rg7+ Kf8 39. Rxh7 Bd6 40.
Ng3 Qd5 41. Ne4 Bb4 42. Bg7+ Kf7 43. Bc3+ Kg6 44. Rg7+ Kh6 45. Rh7+ Kg6 46. Rg7+
Kh6 47. Nf6 Qc4 48. Ng4+ Kh5 49. Bf6 Qc1 50. h4 Bd2 51. Be7 Qa1 52. Nf6+ Kh6 53.
Rg8 Bb4 54. h5 1-0

[Event "Quantbox Chennai GM 2025"]
[Site "Chennai IND"]
[Date "2025.08.08"]
[Round "2.4"]
[White "Nihal, Sarin"]
[Black "Giri, Anish"]
[Result "1/2-1/2"]
[WhiteTitle "GM"]
[BlackTitle "GM"]
[WhiteElo "2692"]
[BlackElo "2748"]
[WhiteFideId "25092340"]
[BlackFideId "24116068"]
[EventDate "2025.08.07"]

1. e4 c5 2. Nc3 Nc6 3. g3 g6 4. Bg2 Bg7 5. d3 d6 6. Nge2 e5 7. Nd5 Nge7 8. Bg5
h6 9. Bxe7 Nxe7 10. Nxe7 Qxe7 11. h4 h5 12. c4 Bg4 13. Bh3 Bf3 14. Qa4+ Kf8 15.
Rf1 Bxe2 16. Kxe2 a5 17. Rac1 Qe8 18. Bd7 Qd8 19. Rc3 Ke7 20. Bb5 Qc8 21. Qc2
Qg4+ 22. Ke1 Bh6 23. Ba4 Kd8 24. Qb3 Qc8 25. Kd1 Ke7 26. Kc2 Kf8 27. Kb1 Kg7 28.
a3 Rf8 29. Qd1 f5 30. Rg1 Rf7 31. Ka2 Qe6 32. exf5 Qxf5 33. g4 hxg4 34. Rxg4 Bd2
35. Rc2 Bh6 36. Qg1 Rg8 37. f3 Kh8 38. Rcg2 Rf6 39. Bc2 Qe6 40. Kb1 Qf7 41. Bd1
b6 42. Qe1 Rf4 43. Ka2 Qf5 44. Bc2 Rd4 45. Rxd4 cxd4 46. Qe2 Rf8 47. Bd1 Rf6 48.
Rg4 Kh7 49. Qc2 Qd7 50. Qe2 Qc6 51. h5 g5 52. f4 gxf4 53. Qf2 f3 54. Qh4 Rf7 55.
Qd8 Rg7 56. Rxg7+ Bxg7 57. Qg5 e4 58. dxe4 Qxe4 59. Qg3 d3 60. Qxf3 Qxf3 1/2-1/2

[Event "Quantbox Chennai GM 2025"]
[Site "Chennai IND"]
[Date "2025.08.09"]
[Round "3.2"]
[White "Giri, Anish"]
[Black "Pranav, V"]
[Result "1/2-1/2"]
[WhiteTitle "GM"]
[BlackTitle "GM"]
[WhiteElo "2748"]
[BlackElo "2597"]
[WhiteFideId "24116068"]
[BlackFideId "25060783"]
[EventDate "2025.08.07"]

1. d4 Nf6 2. c4 e6 3. Nf3 Bb4+ 4. Nbd2 O-O 5. a3 Be7 6. e4 d6 7. Be2 Nfd7 8. Nf1
d5 9. Ng3 dxc4 10. Bxc4 c5 11. dxc5 Nxc5 12. Qc2 Qc7 13. O-O Ncd7 14. Qe2 Nc6
15. Be3 Nde5 16. Nxe5 Nxe5 17. Ba2 Bd7 18. f4 Ng6 19. f5 Ne5 20. Rac1 Qa5 21.
fxe6 Bxe6 22. Nf5 Bf6 23. Bxe6 fxe6 24. Nd4 Rae8 25. h3 a6 26. Nb3 Qa4 27. Nc5
Qc6 28. Rfd1 Rf7 29. Bf2 Qb5 30. Qxb5 axb5 31. Nd3 Nxd3 32. Rxd3 Bxb2 33. Rb1
Bf6 34. Rxb5 Rd8 35. Rxd8+ Bxd8 36. a4 Rd7 37. Kf1 Kf7 38. Ke2 Bf6 39. h4 Bd4
40. a5 Bc3 41. Be3 Bf6 42. h5 h6 43. g4 Ke8 44. Rb6 Kf7 45. Rb5 Ke8 46. Rc5 Bd8
47. Rc8 Kf7 48. Bd2 Be7 49. Rc4 Bd8 50. Rc8 Be7 51. Bc3 Bd8 52. Be1 Be7 53. Rc4
Bd8 54. Bc3 Kg8 55. Rc5 Kf7 56. Rb5 Bg5 57. Rb1 Ke8 58. Rb6 Kf7 59. Rb5 Ke8 60.
Bb4 Kf7 61. Be1 Ke8 62. Rb3 Bf6 63. Bd2 Be5 64. g5 hxg5 65. Bxg5 Kf7 66. Rb5 Bc3
67. Be3 Kg8 68. Rc5 Bb4 69. Rb5 Bc3 70. Rc5 Bb4 71. Rb5 1/2-1/2

[Event "Quantbox Chennai GM 2025"]
[Site "Chennai IND"]
[Date "2025.08.09"]
[Round "3.3"]
[White "Vidit, Santosh Gujrathi"]
[Black "Nihal, Sarin"]
[Result "1-0"]
[WhiteTitle "GM"]
[BlackTitle "GM"]
[WhiteElo "2720"]
[BlackElo "2692"]
[WhiteFideId "5029465"]
[BlackFideId "25092340"]
[EventDate "2025.08.07"]

1. d4 d5 2. c4 e6 3. Nc3 Nc6 4. Nf3 a6 5. c5 Be7 6. g3 Nf6 7. Bf4 O-O 8. Bg2 Ne4
9. h4 f6 10. Rc1 Bd7 11. a3 Be8 12. h5 Kh8 13. b4 b6 14. Qd3 Nxc3 15. Rxc3 bxc5
16. bxc5 Rb8 17. Rb3 a5 18. Qb1 Rxb3 19. Qxb3 Qc8 20. Kf1 a4 21. Qe3 Na5 22. Bh3
Bd7 23. Kg2 Nc4 24. Qd3 Be8 25. Nd2 Na5 26. Qe3 Bd7 27. Qc3 Nc6 28. Nf3 Kg8 29.
Rb1 Rf7 30. Qb2 g5 31. hxg6 hxg6 32. Qc2 g5 33. Bd2 Rg7 34. Bg4 f5 35. Bh5 g4
36. Ne5 Nxe5 37. dxe5 Bc6 38. f3 d4 39. Qc4 Bd5 40. Qxd4 Qd8 41. Kf2 Qf8 42.
Qxa4 Bxc5+ 43. Kg2 c6 44. Bh6 gxf3+ 45. exf3 Rxg3+ 46. Kxg3 Qxh6 47. Qh4 Bxa3
48. Rb7 Bf8 49. Bf7+ Kh8 50. Qf6+ Qxf6 51. exf6 Kh7 52. Kf4 c5 53. Ra7 Kh6 54.
Ke5 Bxf3 55. Bxe6 c4 56. Bxc4 Be4 57. Be6 Kg6 58. Ra1 Bc5 59. Rf1 Kg5 60. Bxf5
Bg2 61. Rb1 1-0

[Event "Quantbox Chennai GM 2025"]
[Site "Chennai IND"]
[Date "2025.08.09"]
[Round "3.5"]
[White "Liang, Awonder"]
[Black "Van Foreest, Jorden"]
[Result "1-0"]
[WhiteTitle "GM"]
[BlackTitle "GM"]
[WhiteElo "2696"]
[BlackElo "2697"]
[WhiteFideId "2056437"]
[BlackFideId "1039784"]
[EventDate "2025.08.07"]

1. e4 c5 2. Nf3 g6 3. c3 d5 4. exd5 Qxd5 5. d4 cxd4 6. Qxd4 Nf6 7. Qxd5 Nxd5 8.
Be2 Nc6 9. O-O Bg7 10. Rd1 e6 11. a4 b6 12. Na3 Na5 13. Bb5+ Ke7 14. Bg5+ f6 15.
Bh4 a6 16. Bf1 Nb3 17. Ra2 Bb7 18. Nc4 Rhd8 19. Ra3 Nc5 20. b4 Ne4 21. Re1 Nexc3
22. Nd4 Kf7 23. Nxe6 Rd7 24. Rxc3 Nxc3 25. Nxb6 Rd6 26. Bc4 Ne2+ 27. Kf1 Rxb6
28. Nc5+ Ke7 29. Rxe2+ Kd8 30. Rd2+ Kc8 31. Be6+ Kb8 32. Nd7+ Ka7 33. Nxb6 Kxb6
34. Rd6+ 1-0

[Event "Quantbox Chennai GM 2025"]
[Site "Chennai IND"]
[Date "2025.08.10"]
[Round "4.1"]
[White "Karthikeyan, Murali"]
[Black "Van Foreest, Jorden"]
[Result "1-0"]
[WhiteTitle "GM"]
[BlackTitle "GM"]
[WhiteElo "2658"]
[BlackElo "2697"]
[WhiteFideId "5074452"]
[BlackFideId "1039784"]
[EventDate "2025.08.07"]

1. e4 e5 2. Nf3 Nc6 3. Bb5 Nf6 4. O-O Nxe4 5. d4 Nd6 6. Bxc6 dxc6 7. dxe5 Nf5 8.
Qxd8+ Kxd8 9. Nc3 Bd7 10. h3 h6 11. b3 Kc8 12. Bb2 a5 13. Rfe1 Bb4 14. a3 Bxc3
15. Bxc3 Be6 16. b4 axb4 17. axb4 Rxa1 18. Rxa1 Kb8 19. g4 Ne7 20. Kh2 g5 21.
Kg3 Ng6 22. Re1 b6 23. Nd4 Kb7 24. Bd2 Ra8 25. c3 Ra2 26. Be3 Bd5 27. Nf5 Nxe5
28. Nxh6 Ra3 29. Rc1 f6 30. Bd4 Nd3 31. Rb1 Ne5 32. Nf5 Nf3 33. Bxf6 Nd2 34. Re1
Ne4+ 35. Rxe4 Bxe4 36. f4 c5 37. bxc5 b5 38. fxg5 b4 39. Kf4 b3 40. c4 Bd3 41.
h4 Ra6 42. h5 Rxf6 43. gxf6 Bxc4 44. h6 Bg8 45. c6+ Ka7 46. Nd4 1-0

[Event "Quantbox Chennai GM 2025"]
[Site "Chennai IND"]
[Date "2025.08.10"]
[Round "4.2"]
[White "Robson, Ray"]
[Black "Liang, Awonder"]
[Result "1/2-1/2"]
[WhiteTitle "GM"]
[BlackTitle "GM"]
[WhiteElo "2687"]
[BlackElo "2696"]
[WhiteFideId "2023970"]
[BlackFideId "2056437"]
[EventDate "2025.08.07"]

1. e4 e5 2. Nf3 Nc6 3. Bc4 Bc5 4. c3 Nf6 5. d3 d6 6. Bg5 h6 7. Bh4 a6 8. a4 Ba7
9. Nbd2 g5 10. Bg3 Ng8 11. d4 h5 12. h4 g4 13. Ng1 Nge7 14. Ne2 exd4 15. cxd4
Nxd4 16. Nxd4 Bxd4 17. Nf3 Bf6 18. e5 Bg7 19. Ng5 d5 20. Bd3 Nf5 21. O-O O-O 22.
Qc2 Nd4 23. Qc3 Nf5 24. Qc2 Nd4 25. Qc3 Nf5 26. Qc2 1/2-1/2

[Event "Quantbox Chennai GM 2025"]
[Site "Chennai IND"]
[Date "2025.08.10"]
[Round "4.4"]
[White "Pranav, V"]
[Black "Vidit, Santosh Gujrathi"]
[Result "1/2-1/2"]
[WhiteTitle "GM"]
[BlackTitle "GM"]
[WhiteElo "2597"]
[BlackElo "2720"]
[WhiteFideId "25060783"]
[BlackFideId "5029465"]
[EventDate "2025.08.07"]

1. e4 e5 2. Nf3 Nc6 3. Bb5 Nf6 4. O-O Nxe4 5. Re1 Nd6 6. Nxe5 Be7 7. Bf1 Nxe5 8.
Rxe5 O-O 9. d4 Bf6 10. Re2 Nf5 11. d5 d6 12. Nd2 Bd7 13. Ne4 Be5 14. c3 h6 15.
Re1 Re8 16. g3 c6 17. Bc4 Qb6 18. Qf3 Re7 19. Bd2 Rae8 20. Qd3 cxd5 21. Bxd5 Be6
22. Bxe6 Rxe6 23. Rad1 g6 24. g4 Nh4 25. Bxh6 d5 26. Qxd5 Nf3+ 27. Kg2 Nxe1+ 28.
Rxe1 Bg7 29. Be3 Qc6 30. Qxc6 Rxc6 31. Kf3 Rce6 32. Nc5 Rf6+ 33. Kg2 Rc6 34. Nb3
Bh6 35. Nd4 Ra6 36. a3 Bxe3 37. fxe3 Kg7 38. Kg3 Ra5 39. h4 Rae5 40. Kf3 Rh8 41.
Kg3 Rhe8 42. Kf3 f5 43. gxf5 gxf5 44. Kf2 Kf6 45. Nf3 Re4 46. h5 Rh8 47. Rh1 Re7
48. Rh4 Re4 49. Rh1 Rg4 50. Rh2 Rh6 51. Rh1 Rg7 52. Rh4 Re7 53. Nd2 Reh7 54. e4
Rxh5 55. Rxh5 Rxh5 56. exf5 Kxf5 57. Ke3 Rh3+ 58. Kd4 Rh2 59. Kd3 Kf4 60. a4 b6
61. b4 Rh3+ 62. Kc2 Ke3 63. Nc4+ Ke4 64. Nd2+ Kd5 65. Kb3 Rh1 66. Nc4 Rb1+ 67.
Nb2 a5 68. bxa5 bxa5 69. Ka2 Rh1 70. Kb3 Rh7 71. Nd3 Rf7 72. Nb2 Rb7+ 73. Kc2
Rb8 74. Nd3 Rf8 75. Nb2 Rf3 76. Kb3 Rf4 77. Nd3 Rh4 78. Nb2 Rh8 79. Kc2 Rc8 80.
Kb3 Ke4 81. Nc4 Rc5 82. Nb2 Ke3 83. Kc2 Rc8 84. Kb3 Rb8+ 85. Kc2 Rc8 86. Kb3
Rb8+ 1/2-1/2

[Event "Quantbox Chennai GM 2025"]
[Site "Chennai IND"]
[Date "2025.08.11"]
[Round "5.1"]
[White "Giri, Anish"]
[Black "Karthikeyan, Murali"]
[Result "1/2-1/2"]
[WhiteTitle "GM"]
[BlackTitle "GM"]
[WhiteElo "2748"]
[BlackElo "2658"]
[WhiteFideId "24116068"]
[BlackFideId "5074452"]
[EventDate "2025.08.07"]

1. e4 e5 2. Nf3 Nc6 3. Bc4 Nf6 4. d3 Bc5 5. c3 O-O 6. O-O d5 7. exd5 Nxd5 8. Re1
Bg4 9. Nbd2 Nb6 10. b4 Be7 11. Bb5 a5 12. Bxc6 bxc6 13. bxa5 Rxa5 14. h3 Bxf3
15. Nxf3 Bf6 16. a4 Qd7 17. Qc2 Rd8 18. d4 exd4 19. cxd4 Rda8 20. Bf4 h6 21. Be5
Be7 22. Bg3 Bd6 23. Ne5 Bxe5 24. dxe5 Rxa4 25. Rxa4 Rxa4 26. Rd1 Rd4 27. Rxd4
Qxd4 28. Qxc6 Qd7 29. Qxd7 Nxd7 30. e6 fxe6 31. Bxc7 Kf7 32. f3 g6 33. Kf2 h5
34. Ke3 Nf6 35. Kd4 Nd5 36. Be5 Ke7 37. Ke4 Kf7 38. g4 Ke7 39. Bd4 Kf7 40. Ke5
Ke7 41. Bf2 Kf7 42. Bh4 Nb4 43. Kf4 Nd3+ 44. Ke4 Nb4 45. Bf2 Nd5 46. Bd4 Ke8 47.
Ke5 Ke7 48. Bf2 Kf7 49. Bc5 Nf6 50. Bb4 Nd5 51. Ba3 Nc3 52. Bb2 Nd5 53. Bd4 Ke7
54. Bg1 Kf7 55. Bf2 Ke7 56. gxh5 gxh5 57. f4 Nc7 58. Bb6 Ne8 59. f5 exf5 60.
Kxf5 Kf7 61. Kg5 Ng7 62. Be3 Ne6+ 63. Kxh5 Kf6 64. Kh6 Kf5 65. Bc1 Nf4 66. Bxf4
Kxf4 67. h4 Kf5 68. h5 Kf6 69. Kh7 Kf7 70. h6 Kf8 71. Kg6 Kg8 72. h7+ Kh8 73.
Kh6 1/2-1/2

[Event "Quantbox Chennai GM 2025"]
[Site "Chennai IND"]
[Date "2025.08.11"]
[Round "5.4"]
[White "Liang, Awonder"]
[Black "Nihal, Sarin"]
[Result "1/2-1/2"]
[WhiteTitle "GM"]
[BlackTitle "GM"]
[WhiteElo "2696"]
[BlackElo "2692"]
[WhiteFideId "2056437"]
[BlackFideId "25092340"]
[EventDate "2025.08.07"]

1. e4 c5 2. Nf3 Nc6 3. Bb5 Nf6 4. Bxc6 dxc6 5. d3 Qc7 6. a4 e5 7. O-O Be7 8. b3
Be6 9. Nbd2 Nd7 10. Nc4 f6 11. Ne1 O-O 12. g3 Rad8 13. Qe2 Rfe8 14. Ng2 b5 15.
Nce3 c4 16. bxc4 bxc4 17. Nxc4 Bxc4 18. dxc4 Nc5 19. Nh4 g6 20. Be3 Nxe4 21. Qg4
Nc3 22. Nxg6 hxg6 23. Qxg6+ Kh8 24. Qh6+ Kg8 25. Qg6+ Kh8 26. Qh6+ Kg8 27. Qg6+
Kh8 28. Qh6+ Kg8 29. Qg6+ 1/2-1/2

[Event "Quantbox Chennai GM 2025"]
[Site "Chennai IND"]
[Date "2025.08.11"]
[Round "5.5"]
[White "Van Foreest, Jorden"]
[Black "Robson, Ray"]
[Result "1-0"]
[WhiteTitle "GM"]
[BlackTitle "GM"]
[WhiteElo "2697"]
[BlackElo "2687"]
[WhiteFideId "1039784"]
[BlackFideId "2023970"]
[EventDate "2025.08.07"]

1. d4 Nf6 2. c4 e6 3. Nc3 d5 4. cxd5 exd5 5. Bg5 Be7 6. e3 h6 7. Bf4 Bf5 8. Nf3
c6 9. h3 Nbd7 10. g4 Bh7 11. Bd3 Bxd3 12. Qxd3 Bb4 13. Nd2 Qe7 14. a3 Bxc3 15.
bxc3 g5 16. Bg3 h5 17. Ke2 Ne4 18. Nxe4 dxe4 19. Qb1 Qe6 20. gxh5 b6 21. Qa2
Qxa2+ 22. Rxa2 Rxh5 23. a4 Ke7 24. a5 Rah8 25. axb6 axb6 26. Ra7 Rxh3 27. Rb1
Rxg3 28. fxg3 Rh2+ 29. Kd1 b5 30. d5 Rh1+ 31. Kc2 Rh2+ 32. Kb3 cxd5 33. Rba1 Rh6
34. Kb4 Rc6 35. R1a6 Rc4+ 36. Kb3 Ra4 37. Rxa4 bxa4+ 38. Kxa4 f5 39. Kb5 Kd6 40.
Ra6+ Ke5 41. Rg6 g4 42. Kc6 Nf6 43. Kc7 Ke6 44. Rg5 Ke5 45. Kc8 Ke6 46. Kd8 Nh7
47. Rh5 Nf6 48. Rh1 Kd6 49. Rh2 Ke6 50. Rh6 Kf7 51. Kc7 Ke7 52. Kb6 Ke6 53. Rg6
Kf7 54. Rg5 Ke6 55. Kc5 Ke5 56. Kc6 Ke6 57. Rg6 Kf7 58. Rh6 Ke6 59. Rh1 Ke5 60.
Rh8 Ke6 61. Kc5 Ke5 62. Rd8 Nh5 63. Re8+ Kf6 64. Kxd5 Nxg3 65. Rf8+ Kg7 66. Rb8
Ne2 67. Rb2 Nc1 68. c4 Nd3 69. Rb6 g3 70. c5 g2 71. Rb1 Kf6 72. Rg1 Nb4+ 73. Kd6
f4 74. Rxg2 fxe3 75. Rb2 Na6 76. c6 Kf5 77. Ra2 e2 78. Rxe2 Kf4 79. Rf2+ Kg4 80.
Ra2 Nb4 81. c7 Nxa2 82. c8=Q+ 1-0

[Event "Quantbox Chennai GM 2025"]
[Site "Chennai IND"]
[Date "2025.08.12"]
[Round "6.1"]
[White "Karthikeyan, Murali"]
[Black "Robson, Ray"]
[Result "1/2-1/2"]
[WhiteTitle "GM"]
[BlackTitle "GM"]
[WhiteElo "2658"]
[BlackElo "2687"]
[WhiteFideId "5074452"]
[BlackFideId "2023970"]
[EventDate "2025.08.07"]

1. e4 c5 2. Nf3 Nc6 3. Bb5 g6 4. O-O Bg7 5. Re1 Nd4 6. Nxd4 cxd4 7. c3 e6 8. Na3
Ne7 9. Nc2 a6 10. Bf1 Nc6 11. a4 O-O 12. Ra3 d5 13. exd5 exd5 14. b4 dxc3 15.
dxc3 Bf5 16. b5 Ne5 17. Nd4 Bg4 18. Qb3 Qd6 19. h3 Bd7 20. Ra1 Nc4 21. Bg5 Rfc8
22. Rad1 h6 23. Bc1 axb5 24. Nxb5 Qc5 25. Be3 Nxe3 26. Rxe3 Bc6 27. g3 Re8 28.
Red3 Re4 29. Nd4 Bxa4 30. Qxb7 Ra7 31. Nb3 Qxf2+ 32. Kxf2 Rxb7 33. Nc5 Bxd1 34.
Nxb7 Bc2 35. Rd2 Re7 36. Rxc2 Rxb7 37. c4 Bd4+ 38. Kg2 dxc4 39. Bxc4 Kg7 40. Rd2
Be5 41. Bd5 Rc7 42. Re2 Bd6 43. Rf2 f5 44. g4 f4 45. Re2 Rc3 46. Bf3 Kf6 47. h4
Bc5 48. Ra2 Ba3 49. Rd2 Bc5 50. Ra2 Ke5 51. Re2+ Be3 52. Ra2 Rc1 53. Kh2 Rf1 54.
Bg2 Bg1+ 55. Kh3 Rc1 56. Bf3 Bb6 57. Ra4 g5 58. hxg5 hxg5 59. Rb4 Bd4 60. Rb5+
Bc5 61. Rb2 Rg1 62. Bg2 Re1 63. Bf3 Kd4 64. Re2 Rg1 65. Bg2 Rd1 66. Re4+ Kc3 67.
Re5 Rd3+ 68. Kh2 Bd6 69. Rxg5 f3+ 70. Kg1 fxg2 71. Kxg2 Kd4 72. Rf5 Ke4 73. Rf7
Rg3+ 74. Kf2 Rxg4 75. Ke2 Bb4 76. Rf2 Rg6 77. Rh2 Bd6 78. Rf2 Bf4 79. Kf1 Be3
80. Rg2 Ra6 81. Ke2 Ra2+ 82. Kf1 Ra1+ 83. Ke2 Bf4 84. Rf2 Rg1 85. Rf3 Rg2+ 86.
Rf2 Rg3 87. Kf1 Rg8 88. Rg2 Rh8 89. Ke2 Rh4 90. Rf2 Rg4 91. Rf3 Rg1 92. Re3+ Kf5
93. Rf3 Ra1 94. Rb3 Ra2+ 95. Kf3 Rh2 96. Rd3 Be5 97. Ke3 Ra2 98. Kf3 Ra4 99. Ke3
Rh4 100. Kf3 Bd4 101. Kg3 Rg4+ 102. Kf3 Rf4+ 103. Kg3 Bf2+ 104. Kg2 Ke4 105. Ra3
Be3 106. Kg3 Rf8 107. Ra4+ Bd4 108. Kg4 Rg8+ 109. Kh4 Rg1 110. Rb4 Ke5 111. Kh3
Rf1 112. Kg3 Rf4 113. Rb5+ Ke4 114. Rb4 Kf5 115. Rb3 Bf2+ 116. Kh3 Be1 117. Re3
Bd2 118. Rd3 Bb4 119. Rd5+ Ke4 120. Rg5 Rf1 121. Rg4+ Kf3 122. Rg3+ Kf2 123.
Rg2+ Kf3 1/2-1/2

[Event "Quantbox Chennai GM 2025"]
[Site "Chennai IND"]
[Date "2025.08.12"]
[Round "6.2"]
[White "Nihal, Sarin"]
[Black "Van Foreest, Jorden"]
[Result "0-1"]
[WhiteTitle "GM"]
[BlackTitle "GM"]
[WhiteElo "2692"]
[BlackElo "2697"]
[WhiteFideId "25092340"]
[BlackFideId "1039784"]
[EventDate "2025.08.07"]

1. Nf3 Nf6 2. g3 g6 3. b3 Bg7 4. Bb2 d6 5. Bg2 e5 6. O-O O-O 7. c4 c6 8. d3 a5
9. a3 Na6 10. Nbd2 Rb8 11. Qc2 Re8 12. Rac1 b6 13. Rfd1 Bd7 14. Ne4 Qe7 15.
Nxf6+ Bxf6 16. Nd2 Bg7 17. Bc3 d5 18. cxd5 cxd5 19. Bxd5 Qxa3 20. Ne4 Rec8 21.
Qd2 Nc7 22. Bc4 b5 23. b4 bxc4 24. Ra1 Qb3 25. Rdb1 axb4 26. Rxb3 cxb3 27. Bb2
Nd5 28. Rc1 Nc3 29. Bxc3 bxc3 30. Nxc3 Be6 31. Rb1 h6 32. h4 Rc6 33. Nd1 Rc2 34.
Qa5 Rxe2 35. h5 gxh5 36. Kf1 Ra2 37. Qc7 Raa8 38. Qc6 Rc8 39. Qe4 Ra2 40. Qb7
Rd2 41. Ne3 Rxd3 42. Kg2 Rcd8 43. Qb5 e4 44. Qb6 Rc8 45. Re1 b2 46. Rb1 Rb3 47.
Qa7 Kh7 48. Qa4 Rc1 49. Qxe4+ Kg8 50. Kh2 Rxb1 51. Qxb1 Rb8 0-1

[Event "Quantbox Chennai GM 2025"]
[Site "Chennai IND"]
[Date "2025.08.12"]
[Round "6.3"]
[White "Pranav, V"]
[Black "Liang, Awonder"]
[Result "0-1"]
[WhiteTitle "GM"]
[BlackTitle "GM"]
[WhiteElo "2597"]
[BlackElo "2696"]
[WhiteFideId "25060783"]
[BlackFideId "2056437"]
[EventDate "2025.08.07"]

1. Nf3 Nf6 2. g3 d5 3. Bg2 e6 4. O-O Be7 5. d3 O-O 6. Bf4 h6 7. a4 Nc6 8. c3 a5
9. Na3 Nh5 10. Bd2 e5 11. e4 dxe4 12. dxe4 Nf6 13. Qe2 Bxa3 14. Rxa3 b6 15. b4
Qe7 16. Qc4 Qd6 17. Rfa1 Be6 18. Qe2 Bg4 19. b5 Nd8 20. h3 Bxf3 21. Bxf3 Ne6 22.
Be3 Rad8 23. Qc4 Qd3 24. Qxd3 Rxd3 25. Be2 Rxe3 26. fxe3 Nxe4 27. Kg2 N6c5 28.
Rd1 Nd6 29. Rd5 Re8 30. g4 g6 31. Kf1 Kg7 32. Ke1 Kf6 33. h4 Ke6 34. Rd1 h5 35.
gxh5 gxh5 36. Ra2 Rg8 37. Bf3 Nf5 38. Kf2 Nxh4 39. Bd5+ Ke7 40. Rh1 Rg4 41. c4
Nd3+ 42. Kf1 Nf5 43. Rh3 Ng3+ 44. Kg2 h4 45. Kg1 e4 46. Rah2 Ne5 47. Ra2 f5 48.
c5 Ne2+ 49. Kf1 Nc3 50. Rd2 Nf3 51. Rxf3 exf3 52. Bc6 h3 53. Rd7+ Ke6 54. Rxc7
h2 55. Bxf3 Rg1+ 56. Kf2 Ne4+ 57. Ke2 Ng5 58. Rc6+ Ke7 59. cxb6 Nxf3 60. b7 h1=Q
61. b8=Q Qg2+ 0-1